Zápisky z cest. 1, Jižní Balkán /
Uloženo v:
| Další autoři: | , , |
|---|---|
| Médium: | E-kniha |
| Jazyk: | Czech Slovak |
| Vydáno: |
Brno :
Masarykova univerzita,
2014
|
| Vydání: | Vyd. 1. |
| Témata: | |
| Tagy: |
Žádné tagy |
| LEADER | 02990nam a2200697 a 4500 | ||
|---|---|---|---|
| 001 | 312633 | ||
| 003 | CZ PrSKC | ||
| 005 | 20260601215726.0 | ||
| 007 | ta | ||
| 008 | 150206s2014 xr abe e 000 0 cze | ||
| 015 | |a cnb002660591 | ||
| 020 | |a 9788021068537 |q (brož.) | ||
| 035 | |a (OCoLC)904580202 | ||
| 040 | |a ABA001 |b cze | ||
| 041 | 0 | |a cze |a slo | |
| 043 | |a ed----- | ||
| 045 | |a j-r- |a y1y1 | ||
| 072 | 7 | |a 7.01/.09 |x Umění |2 Konspekt | |
| 080 | |a 005.963.3 |2 MRF | ||
| 080 | |a 7.032/038:27 |2 MRF | ||
| 080 | |a 7.033.2 |2 MRF | ||
| 080 | |a 738.5 |2 MRF | ||
| 080 | |a 75.052 |2 MRF | ||
| 080 | |a 75.051.046.3 |2 MRF | ||
| 080 | |a (497) |2 MRF | ||
| 080 | |a (082) |2 MRF | ||
| 245 | 0 | 0 | |a Zápisky z cest. |n 1, |p Jižní Balkán / |c Ivan Foletti, Zuzana Frantová, Monika Kučerová (eds.) |
| 246 | 3 | 0 | |a Jižní Balkán |
| 250 | |a Vyd. 1. | ||
| 260 | |a Brno : |b Masarykova univerzita, |c 2014 | ||
| 300 | |a 63 s. : |b il. (převážně barev.), mapy, plány ; |c 16 x 23 cm | ||
| 500 | |a Terminologický slovník | ||
| 504 | |a Obsahuje bibliografie | ||
| 546 | |a Část. slovenský text | ||
| 610 | 2 | 7 | |a Masarykova univerzita. |b Seminář dějin umění. |t Studijní program (Masarykova univerzita. Seminář dějin umění) |7 kon2007427267 |2 czenas |
| 648 | 4 | |a 6.-14. století | |
| 648 | 7 | |a 9.-14. století |7 ch1077992 |2 czenas | |
| 648 | 7 | |a 2013 |7 ch967314 |2 czenas | |
| 648 | 7 | |a 2011-2020 |7 ch460589 |2 czenas | |
| 650 | 0 | 7 | |a studijní cesty |7 ph440126 |z Balkánský poloostrov |y 2011-2020 |2 czenas |
| 650 | 0 | 7 | |a křesťanské umění |7 ph122128 |z Balkánský poloostrov |y 6.-14. století |2 czenas |
| 650 | 0 | 7 | |a byzantské umění |7 ph119062 |2 czenas |
| 650 | 0 | 7 | |a mozaiky |7 ph123007 |z Balkánský poloostrov |y 6.-14. století |2 czenas |
| 650 | 0 | 7 | |a nástěnná malba |7 ph115508 |z Balkánský poloostrov |y 9.-14. století |2 czenas |
| 650 | 0 | 7 | |a ikony |7 ph121033 |z Balkánský poloostrov |y 6.-14. století |2 czenas |
| 650 | 0 | 9 | |a educational visits |z Balkan Peninsula |y 2011-2020 |2 eczenas |
| 650 | 0 | 9 | |a Christian art |z Balkan Peninsula |y 6th-14th centuries |2 eczenas |
| 650 | 0 | 9 | |a Byzantine art |2 eczenas |
| 650 | 0 | 9 | |a mosaics |z Balkan Peninsula |y 6th-14th centuries |2 eczenas |
| 650 | 0 | 9 | |a mural painting |z Balkan Peninsula |y 9th-14th centuries |2 eczenas |
| 650 | 0 | 9 | |a icons |z Balkan Peninsula |y 6th-14th centuries |2 eczenas |
| 655 | 7 | |a sborníky |7 fd163935 |2 czenas | |
| 655 | 9 | |a miscellanea |2 eczenas | |
| 700 | 1 | |a Foletti, Ivan, |d 1980- |7 mzk2010595361 |4 edt | |
| 700 | 1 | |a Faktorová Frantová, Zuzana, |d 1981- |7 jo2014824888 |4 edt | |
| 700 | 1 | |a Kučerová, Monika |4 edt | |
| 900 | |a ABA001 |b 17 | ||
| 044 | |a xr | ||
| 910 | |a RBIT002 | ||
| 998 | |d 417287 |a https://core.palmknihy.cz/api/books/417287/cover?srgone |b https://core.palmknihy.cz/api/books/417287/cover/400?srgone |c https://core.palmknihy.cz/api/books/417287/cover/50?srgone |e 2084-06-03 |g 63 |i 9788021068537 |k https://core.palmknihy.cz/api/books/417287/preview.pdf |l |q 49 |r 1 |s https://www.palmknihy.cz/kniha/417287 |t ebook |y 2024 |z 0 | ||
| 999 | |d 312631 | ||